| 000 | 01234nam a2200265 a 4500 | ||
|---|---|---|---|
| 001 | 38066 | ||
| 003 | BD-RjUL | ||
| 005 | 20211209052721.0 | ||
| 008 | 160507s1969 bg a|||| b||| 00| 0 ben d | ||
| 020 | _c: TK. 4.00 | ||
| 035 | _a(BD-RjUL)38171 | ||
| 040 |
_aBD-RjUL _bben _cBD-RjUL _dBD-RjUL |
||
| 041 | _aben | ||
| 082 |
_a297.648 _bBAH 1969 _223 |
||
| 100 |
_aবরকতুল্লাহ, মুহম্মদ _9117845 |
||
| 245 | 1 | 0 |
_aহযরত ওসমান / _cমুহম্মদ বরকতুল্লাহ |
| 260 |
_aঢাকা : _bকেন্দ্রীয় বাঙলা-উন্নয়ন বোর্ড, _c১৯৬৯ |
||
| 300 |
_a[১৮], ২২১ পৃ. : _bচিত্র ; _c২২ সেমি. |
||
| 490 |
_aখুুলাফায়ে রাশেদীন গ্রন্থমালা : _v৩ |
||
| 504 | _aগ্রন্থপঞ্জি সংযুক্ত | ||
| 600 |
_aHazrat Usman Ghani, _cCaliph, _d656. _xBiography. _9117853 |
||
| 600 |
_aহযরত ওসমান গণী _cখলীফা _d৬৫৬ _xজীবনী _9117854 |
||
| 830 |
_aখুুলাফায়ে রাশেদীন গ্রন্থমালা : _v৩ _9125050 |
||
| 942 |
_2ddc _cBK |
||
| 999 |
_c38066 _d38066 |
||